<?xml version="1.0" encoding="UTF-8"?>
<record
    xmlns:xsi="http://www.w3.org/2001/XMLSchema-instance"
    xsi:schemaLocation="http://www.loc.gov/MARC21/slim http://www.loc.gov/standards/marcxml/schema/MARC21slim.xsd"
    xmlns="http://www.loc.gov/MARC21/slim">

  <leader>01749nam a22002057a 4500</leader>
  <datafield tag="999" ind1=" " ind2=" ">
    <subfield code="c">8798</subfield>
    <subfield code="d">8798</subfield>
  </datafield>
  <controlfield tag="003">GBCCL</controlfield>
  <controlfield tag="005">20241126110658.0</controlfield>
  <controlfield tag="008">211102b           ||||| |||| 00| 0 eng d</controlfield>
  <datafield tag="020" ind1=" " ind2=" ">
    <subfield code="a">9789383002054 </subfield>
  </datafield>
  <datafield tag="020" ind1=" " ind2=" ">
    <subfield code="a">9383002050</subfield>
  </datafield>
  <datafield tag="040" ind1=" " ind2=" ">
    <subfield code="c">gbc</subfield>
  </datafield>
  <datafield tag="082" ind1=" " ind2=" ">
    <subfield code="a">266</subfield>
    <subfield code="b">REL</subfield>
  </datafield>
  <datafield tag="245" ind1=" " ind2=" ">
    <subfield code="a">Re-location of mission and ecumenism in the context of the margins /</subfield>
    <subfield code="c">edited by P. Mohan Larbeer.</subfield>
  </datafield>
  <datafield tag="260" ind1=" " ind2=" ">
    <subfield code="a">Bangalore : </subfield>
    <subfield code="b">BTESSC, </subfield>
    <subfield code="c">2014.</subfield>
  </datafield>
  <datafield tag="300" ind1=" " ind2=" ">
    <subfield code="a">vi, 146 pages ; </subfield>
    <subfield code="c">22 cm</subfield>
  </datafield>
  <datafield tag="505" ind1=" " ind2=" ">
    <subfield code="a">Re-location of mission and ecumenism in the context of the margins / Atola Longkumer --
Missiography, marginality and God-talk : hermeneutically re-locating Mary's song of liberation / Joseph Samuel --
Inclusive understanding of mission / C.I. David Joy --
Margin --
location of Christian mission / Wati Longchar --
Mission as neighbourliness and community solidarity in the context of the margins : a reflection from Isaiah 58:2-7 / Atula Ao --
The need of the Gospel in a world of corporate greed : a mission reading of Luke 13:6-9 / Raj Bharat Patta --
2 Kings 5:1-14: go and dip seven times in Jordan / Royce M. Victor --
The fire behind the branding / Philip Vinod Peacock --
Rethinking Image Dei in the context of marginalization / R.C. Jongte --
The Great Commandment and the Great Commission / J. Albert D. Selwyn --
The Samaritan encounter --
Jesus at the well in Samaria : reading afresh John 4 / Arun Kumar Wesley --
Re-telling stories from the margins / Dexter Maben --
Children in the Kingdom of God with-drawing margins / Rohan Gideon --
Re-location of mission and ecumenism in the context of the margins : a Bible study based on Mark 4:35-41 and 6:45-56 / V.J. John.</subfield>
  </datafield>
  <datafield tag="650" ind1=" " ind2=" ">
    <subfield code="a">Missions. </subfield>
    <subfield code="9">885</subfield>
  </datafield>
  <datafield tag="650" ind1=" " ind2=" ">
    <subfield code="a">Christian union.</subfield>
    <subfield code="9">3990</subfield>
  </datafield>
  <datafield tag="942" ind1=" " ind2=" ">
    <subfield code="2">ddc</subfield>
    <subfield code="c">BK</subfield>
  </datafield>
  <datafield tag="952" ind1=" " ind2=" ">
    <subfield code="0">0</subfield>
    <subfield code="1">0</subfield>
    <subfield code="2">ddc</subfield>
    <subfield code="4">0</subfield>
    <subfield code="7">0</subfield>
    <subfield code="a">GBC</subfield>
    <subfield code="b">GBC</subfield>
    <subfield code="c">MNMS</subfield>
    <subfield code="d">2021-11-02</subfield>
    <subfield code="l">0</subfield>
    <subfield code="o">266 REL</subfield>
    <subfield code="p">015261</subfield>
    <subfield code="r">2025-05-01 00:00:00</subfield>
    <subfield code="t">c.1</subfield>
    <subfield code="w">2021-11-02</subfield>
    <subfield code="y">BK</subfield>
  </datafield>
</record>
